000 01706nam0a2200325 i 4500
001 RU\NLR\BIBL_A\011198859
005 20240921170531.0
010 _a9785906682574
_9400
021 _aRU
_b2016-60445
_93837
035 _a(NILC)RuMoRGB-008567126
035 _a(NLR Aleph) 011198859
090 _a11909033
_c11909033
100 _a20160822d2016 k y0rusy50 ca
101 0 _arus
102 _aRU
105 _aa z 100yy
200 1 _aЭкоаналитика-2016
_eX Всероссийская конференция по анализу объектов окружающей среды, 26 июня - 02 июля 2016 г.
_eтезисы докладов
210 _aУглич
_cФилигрань
_d2016
215 _a203 с.
_cил., цв. ил.
_d30
300 _aВ надзаг.: Науч. совет РАН по аналит. химии, Эколого-аналит. ассоц. "Экоаналитика", Ин-т общей и неорганической химии им. Н. С. Курнакова РАН [и др.]
320 _aБиблиогр. в конце ст.
606 1 _aЭкологический мониторинг
_jТезисы докладов
_xАналитические методы
_92201417
_3RU\NLR\AUTH\6601557677
675 _a502/504
686 1 _aР121.1-1в7я431(2)
711 1 2 _a"Экоаналитика-2016", всероссийская конференция по анализу объектов окружающей среды
_d10
_eУглич
_9527960
_3RU\NLR\AUTH\880431799
801 0 _aRU
_bРГБ
_c20160802
_gRCR
942 _cBOOK
980 _aNBR